Análisis y diseño de la sección transversal de un puente tipo cajón, de concreto postensado

El presente trabajo, trata del análisis y diseño de la sección transversal, de un puente tipo cajón, de concreto potenzado. En el desarrollo del mismo, se han analizado las diversas solicitaciones de cargas existentes en la súper-estructura, así como todas aquellas cargas que se han considerad...

Full description

Bibliographic Details
Main Author: González País, Cesar Augusto
Other Authors: Tutor: Alcaín Montes, Juan Alberto
Format: Tesis Section = Libro
Language:Undetermined
Spanish
Published: Guatemala USAC-G 1978
Subjects:
LEADER 01043nam a2200229Ia 4500
008 240830s9999 xx 000 0 und d
040 |a BIBLIOTECA-RUSB/ Mon 690 G643 
041 |a spa 
082 |a Mon 690 G643 
100 1 |a González País, Cesar Augusto 
245 1 0 |a Análisis y diseño de la sección transversal de un puente tipo cajón, de concreto postensado 
260 |a Guatemala  |b USAC-G  |c 1978 
300 |a 65 p. :il. 
502 |a Tesis (Ingeniero Civil) - USAC-G, 1978. 
520 3 |a El presente trabajo, trata del análisis y diseño de la sección transversal, de un puente tipo cajón, de concreto potenzado. En el desarrollo del mismo, se han analizado las diversas solicitaciones de cargas existentes en la súper-estructura, así como todas aquellas cargas que se han considerado críticas. 
650 7 |a CONSTRUCCIONES 
650 7 |b  PUENTES-CONSTRUCCION 
650 7 |c  ANALISIS DE ESTRUCTURAS (INGENIERIA) 
700 1 |a Tutor:  |b Alcaín Montes, Juan Alberto 
942 |c BK  |2 ddc 
991 |a TESIS 
999 |c 20788